"Le Christ (re)viendra-t-il sur terre?"

Saved in:  
Bibliographic Details
Main Author: Potvin, Thomas R. 1934-2005 (Author)
Format: Electronic Article
Language:French
Check availability: HBZ Gateway
Interlibrary Loan:Interlibrary Loan for the Fachinformationsdienste (Specialized Information Services in Germany)
Published: 1999
In: Religiologiques
Year: 1999, Volume: 20, Pages: 51-68
Standardized Subjects / Keyword chains:B Parousia (motif) / Millennialism / New Testament
Further subjects:B Parousia (motif)
Online Access: Volltext (kostenfrei)
Parallel Edition:Non-electronic

MARC

LEADER 00000caa a2200000 c 4500
001 1795439025
003 DE-627
005 20220401142352.0
007 cr uuu---uuuuu
008 220311s1999 xx |||||o 00| ||fre c
035 |a (DE-627)1795439025 
035 |a (DE-599)KXP1795439025 
040 |a DE-627  |b ger  |c DE-627  |e rakwb 
041 |a fre 
084 |a 0  |2 ssgn 
084 |a 1  |2 ssgn 
100 1 |e VerfasserIn  |0 (DE-588)1145726674  |0 (DE-627)100688467X  |0 (DE-576)421135441  |4 aut  |a Potvin, Thomas R.  |d 1934-2005 
109 |a Potvin, Thomas R. 1934-2005  |a Potvin, Thomas Raymond 1934-2005 
245 1 4 |a "Le Christ (re)viendra-t-il sur terre?"  |c Thomas Raymond Potvin 
264 1 |c 1999 
336 |a Text  |b txt  |2 rdacontent 
337 |a Computermedien  |b c  |2 rdamedia 
338 |a Online-Ressource  |b cr  |2 rdacarrier 
650 0 7 |0 (DE-588)4131759-2  |0 (DE-627)104212535  |0 (DE-576)209629932  |a Parusie  |2 gnd 
689 0 0 |d s  |0 (DE-588)4131759-2  |0 (DE-627)104212535  |0 (DE-576)209629932  |2 gnd  |a Parusie 
689 0 1 |d s  |0 (DE-588)4147671-2  |0 (DE-627)105574805  |0 (DE-576)209758651  |2 gnd  |a Chiliasmus 
689 0 2 |d u  |0 (DE-588)4041771-2  |0 (DE-627)106217658  |0 (DE-576)209046724  |a Bibel  |2 gnd  |p Neues Testament 
689 0 |5 (DE-627) 
773 0 8 |i In  |t Religiologiques  |d Montréal : Dép., 1990  |g 20(1999), Seite 51-68  |h Online-Ressource  |w (DE-627)306360748  |w (DE-600)1497190-2  |w (DE-576)081861265  |x 1180-0135  |7 nnas 
773 1 8 |g volume:20  |g year:1999  |g pages:51-68 
776 0 8 |i Erscheint auch als  |n Druck-Ausgabe  |a Potvin, Thomas R., 1934 - 2005  |t "Le Christ (re)viendra-t-il sur terre?"  |d 1999  |w (DE-627)164291732X  |w (DE-576)465569234  |k Non-Electronic 
856 4 0 |u http://www.religiologiques.uqam.ca/20/Religiologiques20PDF/20(051-068)Potvin.pdf  |x Verlag  |z kostenfrei  |3 Volltext  |7 0 
935 |a mteo  |a BIIN 
951 |a AR 
BIB |a 1 
ELC |a 1 
LOK |0 000 xxxxxcx a22 zn 4500 
LOK |0 001 4088186702 
LOK |0 003 DE-627 
LOK |0 004 1795439025 
LOK |0 005 20220311142233 
LOK |0 008 220311||||||||||||||||ger||||||| 
LOK |0 040   |a DE-Tue135  |c DE-627  |d DE-Tue135 
LOK |0 092   |o n 
LOK |0 852   |a DE-Tue135 
LOK |0 852 1  |9 00 
LOK |0 935   |a ixzs  |a rwrk 
LOK |0 939   |a 11-03-22  |b l01 
OAS |a 1 
ORI |a SA-MARC-ixtheoa001.raw 
REL |a 1 
STA 0 0 |a Millennialism,Millennialism,Parousia (motif),Parousia,Second coming of Christ,Second Advent 
STB 0 0 |a Millénarisme,Chiliasme,Millénarisme,Millénarisme,Parousie (motif),Parousie 
STC 0 0 |a Parusía,Quiliasmo,Quiliasmo 
STD 0 0 |a Chiliasmo <motivo>,Chiliasmo,Millenarismo,Millenarismo,Millenarismo (motivo),Millenarismo,Parusia 
STE 0 0 |a 再来,基督再临,主再来,千禧年主义,千禧年主义,千福年主义,千福年主义 
STF 0 0 |a 再來,基督再臨,主再來,千禧年主義,千禧年主義,千福年主義,千福年主義 
STG 0 0 |a Parusia,Quiliasmo,Quiliasmo 
STH 0 0 |a Милленаризм (мотив),Милленаризм,Парусия 
STI 0 0 |a Δευτέρα Παρουσία,Χιλιασμός <μοτίβο>,Χιλιασμός,Μιλλενιαλισμός,Μιλλενιαλισμός (μοτίβο) 
SUB |a BIB  |a REL 
SYE 0 0 |a Wiederkunft Christi,Wiederkunft Jesu 
SYG 0 0 |a Wiederkunft Christi,Wiederkunft Jesu , Tausendjähriges Reich,Millenarismus,Millenialismus , Centenary translation of the New Testament,Bibel,Neues Testament,Septembertestament,Das Newe Testament Deutzsch,Bibel,Septembertestament,Bibel,Die Botschaft Gottes,Greek New Testament,Greek New Testament,The Greek New Testament,GNT,Neues Testament,Novum Testamentum,Testamentum novum,Nor Ktakaran,Novijat Zavet,Novyj Zapovit,Das Neue Testament,Le Nouveau Testament,Il Nouv Testamaint,The New Testament,Nuevo Testamento,Novʹy Zákon,Novi Javjet,Novo Testamento,Novyj Zavet,Nowy Testament,Nowý Zákon,U`j Szövetség,U`j Testamentom,Die Heilige Schrift des Neuen Testaments,Det Ny Testamente,Det Nya Testamentet,Il Nuovo Testamento,Ds Nöie Teschtamänt,Hab-berit ha-ḥadaša,Sifrê hab-berit ha-ḥadaša,Niev Testament,Novum Testamentum Graece,The Greek New Testament,Novum Testamentum Graece et Latine,E Kainē diathēkē,al- ʿAhd al-ǧadīd li rabbinā wa muḫalliṣinā Yasūʿa ăl-masīḥ,al- ʿAhd al-ǧadīd,S@nöie Teschdamänt,Se Wsi Testamenti,Tèstamènt nobo,Mkpaman Elat,Bible,N.T.,Uus Testament